Ortadoğu'da küresel paylaşım savaşları ve (Record no. 11906)

MARC details
000 -BAŞLIK
Sabit Uzunlukta Kontrol Alanı 00795na a2200253 4500
001 - KONTROL NUMARASI
Denetim Alanı 24379
003 - KONTROL NUMARASI IDENTIFIER
Denetim Alanı MIRAKIL
005 - SON İŞLEM TARİHİ VE ZAMANI
Denetim Alanı 20181226104237.0
008 - SABİT-BOY VERİ ELEMANLARI - GENEL BİLGİLER
Sabit Uzunlukta Kontrol Alanı 180928b tu 000 0
035 ## - SİSTEM KONTROL NUMARASI
Sistem Kontrol Numarası 14566
082 ## - DEWEY ONLU SINIFLANDIRMA NUMARASI
Sınıflandırma Numarası 327.110956
Ürün Numarası E25o 2015
090 ## - SINIFLAMA NUMARASI
Sınıflama Numarası 327.110956 E25o 2015
100 ## - ANA GİRİŞ - KİŞİSEL İSİM
Kişisel Ad Ediboğlu, Mehmet Ali
245 ## - BAŞLIK TABLOSU
Başlık Ortadoğu'da küresel paylaşım savaşları ve
Başlığın Kalan Hedef ülke Türkiye
Sorumluluk Tablosu, Vb Mehmet Ali Ediboğlu
246 ## - UNVAN FORM VARYING
Başlık Doğru / Kısa Başlığı Hedef ülke Türkiye
260 ## - YAYIN, DAĞITIM, VB
Yayın, Dağıtım, Vb Yeri [y.y.]
Yayıncı, Dağıtıcı, Vs Adı [yayl.y.]
Yayın, Dağıtım, Vb Tarihi 2015
300 ## - FİZİKSEL TANIM
Kapsam viii, 251 s.
Diğer Fiziksel Ayrıntıları fotğ.
Boyutlar 24 sm.
650 ## - KONU KATMA GİRİŞ - TOPİKAL DÖNEM
Topikal Süreli Veya Coğrafi Ad Giriş Elemanı CHP
Genel Alt Bölümü Milletvekilleri
Kronolojik Alt Bölümü Dış politika
650 ## - KONU KATMA GİRİŞ - TOPİKAL DÖNEM
Topikal Süreli Veya Coğrafi Ad Giriş Elemanı Arap Baharı
650 ## - KONU KATMA GİRİŞ - TOPİKAL DÖNEM
Topikal Süreli Veya Coğrafi Ad Giriş Elemanı Orta Doğu
Genel Alt Bölümü Siyaset ve yönetim
651 ## - KONU KATMA GİRİŞ - COĞRAFİ ADI
Coğrafi İsim Türkiye
Genel Alt Bölümü Uluslararası ilişkiler
Coğrafi Alt Bölümü Orta Doğu
942 ## - EKLENDİ GİRİŞ ELEMANLARI (KOHA)
Sınıflandırma Veya Raf Düzeni Kaynak Dewey Decimal Classification
Koha Öğesi Türü Books
040 ## - KATALOGLAMA KAYNAK
Orijinal Kataloglama Ajansı Milas
Kataloglama Dili tur
Metne Dönüştürmek Ajansı TR-AnCHP
999 ## - SİSTEM KONTROL NUMARALARI (KOHA)
Koha Biblionumber 11906
Koha Biblioitemnumber 11906
Holdings
Kullanım Kısıtlamaları Kalıcı Konum Mevcut Konum Edinme Tarihi Toplam Check-Out'Lar Tam Çağrı Numarası Barkod Tarih Son Görülme Kopya Sayısı İtibaren Geçerli Fiyatlar Sigara Kamu Notu Koha Öğesi Türü
  Parti Okulu Kütüphanesi Parti Okulu Kütüphanesi 10/05/2018   327.110956 E25o 2015 P00141 10/05/2018 k.2 10/05/2018 Books
  Parti Okulu Kütüphanesi Parti Okulu Kütüphanesi 09/28/2018   327.110956 E25o 2015 P00142 09/28/2018   09/28/2018 Books